| 000 | 00844nam a22001217a 4500 | ||
|---|---|---|---|
| 040 | _cRUA | ||
| 082 | _aLMA SAM 2025 B701 Or.1 | ||
| 100 | _aSAM PISETH, សំ ពិសិដ្ឋ | ||
| 245 | _aStudy on commune land use planning process using geograpic information system (GIS) in khnor dambang commune, cheung prey district, kampong cham province, ការសិក្សាលើដំណើរការរៀបចំផែនការប្រើប្រាស់ដីថ្នាក់ឃុំ ដោយប្រើប្រាស់ប្រព័ន្ធព័ត៌មានភូមិសាស្រ្ត (GIS) ក្នុងឃុំខ្នុរដំបង ស្រុកជើងព្រៃ ខេត្តកំពង់ចាម | ||
| 260 |
_aPHNOM PENH _bRUA _c2025 |
||
| 300 |
_ax,58p. _bill. _c29cm. |
||
| 942 | _cLMA | ||
| 999 |
_c25768 _d25768 |
||